000 00242nam a22001097a 4500
082 _a330.9547م ب ش
100 _aمبشر
245 _aپاکیستان کے جعلی حکمران
260 _aلاہور
300 _a۱۴۴
942 _cBK
999 _c15148
_d15148